000 00449nam a2200169Ia 4500
005 20250508161526.0
008 008 250505s9999 xx 000 0 eng d
037 _aTextual
040 _aFEDL
_beng
_cFEDL
041 _aeng
_2eng
084 _a370.973, VOI
_qFEDL
245 0 _aVoice of America forum lectures : Education
300 _a125p.
650 _aEducation
942 _cTEXL
_h370.973, VOI
999 _c1370525
_d1370525